00555nam a2200181 4500003000500000005001700005008004100022020001800063040000600081082001600087100002200103245005300125260004700178300002500225500006400250501000800314650005100322NUST20170719172458.0170719b xxu||||| |||| 00| 0 eng d a9788131726792 c0 a621.382 HAN aHanson, George W. aFundamentals of NanoelectronicscGeorge W.Hanson aNew Delhi, IndiabPearson Educationsc2009 axiv, 385 p. bill. ; aIncludes bibliographical references (p. 372-380) and index. aP.B a1. Molecular electronics. 2. Nanoelectronics.